000 00554nam a22001817a 4500
999 _c183901
_d183901
005 20220106171910.0
010 _aENG-130999
020 _a978-93-90232-45-1
_c1050.00
035 _aEN-114531
037 _bDBAD
082 _a333.31954
100 _aRobb, Peter
245 _aIdeas Matter:
_cPeter Robb
_bDebating the Impact of British Rule on India/
260 _aDelhi
_bPrimus Book
_c2020
270 _bDelhi
_e110009
_aMukherjee Nagar, Commercial Complex
300 _axiii, 295p.
_c23cm(hbk)
942 _2ddc
_cEN
_h333.31954
_mROB